| 000 | 01273nam a2200301 a 4500 | ||
|---|---|---|---|
| 001 | BRCA_6086 | ||
| 005 | 20190320205329.0 | ||
| 008 | 040510s1967----enka######---#000-0#eng-# | ||
| 041 | _aeng | ||
| 044 | _aenk | ||
| 050 | 4 |
_aN5208.5 _b.A78 4 1967 |
|
| 245 | 1 | 0 |
_aArt at Auction _bThe Year at Sotheby´s & Parke-Bernet, 1966-67 : The Two Hundred and Twenty-third Season _cedited by Philip Wilson ; assisted by Alison Brand. |
| 260 |
_aGran Bretaña _bAmerican Heritage Publishing _c1967 |
||
| 300 |
_a432 p. _bil. (algunas a color) _c28 cm. |
||
| 500 | _aIncluye índice general (véase también la página 432 para libros, manuscritos y miniaturas) e índice de libros, manuscritos y miniaturas | ||
| 500 | _aCatálogo de subasta inventariado por Banco de México como libro | ||
| 500 | _aEjemplar igual a C183 (1966/67). Ver también Y109 (1967/68), 3162 (1968/69) y C190 (1971/72) | ||
| 500 | _aY142 | ||
| 650 | 1 | 4 |
_aSubastas _xColeccionistas y colecciones _910730 |
| 650 | 1 | 4 |
_aArte _xColeccionistas y colecciones _97445 |
| 650 | 1 | 4 |
_aArte _vPrecios _915393 |
| 700 | 1 |
_aWilson, Philip _eEditor _915394 |
|
| 700 | 1 |
_aBrand, Alison _910733 |
|
| 710 | 2 |
_aSotheby´s (Londres) _910734 |
|
| 710 | 2 |
_aParke-Bernet (Nueva York) _910735 |
|
| 902 | _aGFM | ||
| 942 |
_2lcc _cB |
||
| 999 |
_c5773 _d5773 |
||